[Event "Rated Blitz tournament f0pVPZ6w"]
[Site "?"]
[Date "2021.10.24"]
[Round "?"]
[White "Tom1306"]
[Black "Bagvagen5GM"]
[Result "1-0"]
[WhiteElo "2468"]
[BlackElo "2486"]
[PlyCount "41"]
[EventDate "2021.??.??"]
[EventType "blitz"]

1. e4 e5 2. Nf3 d5 3. exd5 Bd6 4. Nc3 Nf6 5. d3 O-O 6. Bg5 Nbd7 7. Be2 Nb6 8.
Qd2 h6 9. Bh4 Re8 10. a3 Be7 11. Nxe5 Nfxd5 12. Bxe7 Qxe7 13. d4 c5 14. Nxd5
Nxd5 15. O-O-O cxd4 16. f4 Ne3 17. Rde1 Bf5 18. Bd3 Bxd3 19. Qxd3 Rac8 20. Re2
Qd6 21. Rxe3 {Normal} 1-0

[Event "Rated Blitz game"]
[Site "?"]
[Date "2021.10.24"]
[Round "?"]
[White "schachpfleger"]
[Black "larsental3"]
[Result "1-0"]
[WhiteElo "2239"]
[BlackElo "2416"]
[PlyCount "119"]
[EventDate "2021.??.??"]
[EventType "blitz"]

1. e4 e5 2. Nf3 d5 3. Nxe5 Bd6 4. d4 dxe4 5. Nc4 Nf6 6. Be2 Nc6 7. O-O Nxd4 8.
Nxd6+ Qxd6 9. Be3 Nxe2+ 10. Qxe2 O-O 11. h3 Bf5 12. c4 Rad8 13. Nc3 Qd3 14.
Rfd1 Qxe2 15. Nxe2 b6 16. c5 Nd5 17. Nd4 Nxe3 18. fxe3 Bd7 19. c6 Bc8 20. Nb5
Ba6 21. Nxc7 Bd3 22. Rac1 Rd6 23. Nb5 Rg6 24. Nxa7 Be2 25. Rd2 Bd3 26. c7 Ba6
27. Rd8 h5 28. c8=Q Bxc8 29. Rcxc8 Rxd8 30. Rxd8+ Kh7 31. Nb5 Rc6 32. Rd2 f5
33. Nd4 Rc5 34. Rc2 Ra5 35. a3 g6 36. Rc7+ Kh6 37. h4 Rd5 38. Rc6 f4 39. Kf2 b5
40. b4 Kh7 41. Rc5 fxe3+ 42. Kxe3 Rd7 43. Rxb5 Rc7 44. Rc5 Ra7 45. Rc3 Kg7 46.
b5 Kf6 47. Rb3 g5 48. hxg5+ Kxg5 49. b6 Rb7 50. Kxe4 Kg4 51. Kd5 h4 52. Kc6 Rb8
53. b7 Kf4 54. Kc7 Rxb7+ 55. Kxb7 Ke4 56. Rh3 Kxd4 57. Rxh4+ Kc3 58. g4 Kb2 59.
g5 Kxa3 60. g6 {Normal} 1-0

[Event "Rated Blitz game"]
[Site "?"]
[Date "2021.10.24"]
[Round "?"]
[White "Anuar8"]
[Black "sierra92"]
[Result "0-1"]
[WhiteElo "2298"]
[BlackElo "2440"]
[PlyCount "118"]
[EventDate "2021.??.??"]
[EventType "blitz"]

1. e4 e5 2. Nf3 d5 3. Nxe5 Bd6 4. d4 dxe4 5. Nc4 f5 6. Nxd6+ cxd6 7. Bc4 d5 8.
Bb3 Nf6 9. Bf4 Nc6 10. c3 O-O 11. O-O Be6 12. Na3 Qe8 13. Nc2 Nh5 14. Qd2 Nxf4
15. Qxf4 Ne7 16. Ne3 Qd7 17. Qe5 Ng6 18. Qxe6+ Qxe6 19. Bxd5 Kf7 20. Rfe1 Nf4
21. Bxe6+ Kxe6 22. g3 Nd5 23. Nc4 b5 24. Ne5 Rfc8 25. f3 e3 26. Nd3 g5 27. a3
f4 28. Nc5+ Kf5 29. g4+ Kg6 30. Kf1 h5 31. h3 hxg4 32. hxg4 Rh8 33. Ke2 Rh2+
34. Kd3 Rxb2 35. Rab1 Rxb1 36. Rxb1 a6 37. c4 bxc4+ 38. Kxc4 Nf6 39. d5 Rd8 40.
Rd1 Nxg4 41. fxg4 e2 42. Re1 f3 43. Nd3 Kf6 44. Kd4 Re8 45. Rh1 f2 46. Nxf2
e1=Q 47. Rxe1 Rxe1 48. Ne4+ Ke7 49. Nxg5 Ra1 50. Ne4 Rxa3 51. Ke5 a5 52. g5 Ra1
53. d6+ Kd7 54. g6 Rg1 55. Kf6 a4 56. Nc5+ Kxd6 57. Nxa4 Rf1+ 58. Kg7 Ke7 59.
Nb6 Rd1 {Time forfeit} 0-1

[Event "Rated Blitz game"]
[Site "?"]
[Date "2021.10.24"]
[Round "?"]
[White "lemra64"]
[Black "Annali-annaliew1979"]
[Result "1-0"]
[WhiteElo "2529"]
[BlackElo "2382"]
[PlyCount "107"]
[EventDate "2021.??.??"]
[EventType "blitz"]

1. e4 e5 2. Nf3 d5 3. Nxe5 Qe7 4. d4 f6 5. Ng4 Nc6 6. Nc3 dxe4 7. Bb5 a6 8.
Bxc6+ bxc6 9. Qe2 Bxg4 10. Qxg4 f5 11. Qxf5 Nf6 12. Bg5 Rb8 13. Bxf6 Qxf6 14.
Qxe4+ Kf7 15. O-O-O Bb4 16. Rd3 Rbe8 17. Qf3 Rhf8 18. a3 Bd6 19. Ne4 Qf4+ 20.
Qxf4+ Bxf4+ 21. Nd2 Re2 22. Rf1 Kg8 23. Kd1 Rfe8 24. g3 Bd6 25. Nc4 R2e4 26. c3
Kf7 27. Re3 Kg6 28. Rxe4 Rxe4 29. Kd2 Re7 30. Re1 Rf7 31. f4 Kf5 32. Ne3+ Ke4
33. Ng4+ Kf3 34. Ne5+ Bxe5 35. Rxe5 Kg2 36. Re2+ Kh3 37. Kd3 Rf5 38. Re7 Kxh2
39. Rxg7 h5 40. Ke4 Rb5 41. b4 Kh3 42. Rg5 Rb8 43. Kf3 Rh8 44. f5 h4 45. gxh4
Kxh4 46. Rg1 Re8 47. Kf4 Kh3 48. Rg3+ Kh4 49. f6 Rf8 50. Rg6 Kh5 51. Kf5 Re8
52. Rg1 Kh4 53. f7 Re2 54. Rf1 {Normal} 1-0

[Event "Rated Blitz game"]
[Site "?"]
[Date "2021.10.24"]
[Round "?"]
[White "TimeToBeStrong"]
[Black "Annali-annaliew1979"]
[Result "1-0"]
[WhiteElo "2534"]
[BlackElo "2455"]
[PlyCount "143"]
[EventDate "2021.??.??"]
[EventType "blitz"]

1. e4 e5 2. Nf3 d5 3. exd5 e4 4. Qe2 f5 5. d3 Nf6 6. dxe4 fxe4 7. Bg5 Be7 8.
Bxf6 Bxf6 9. Qxe4+ Kf7 10. Be2 Re8 11. Qc4 b5 12. Qb3 a5 13. Nbd2 a4 14. Qd3 b4
15. O-O Ba6 16. Nc4 a3 17. bxa3 Bxa1 18. Rxa1 Kg8 19. axb4 Nd7 20. Bf1 Qf6 21.
Rd1 Nb6 22. Qb3 Nxc4 23. Bxc4 Bxc4 24. Qxc4 Kh8 25. h3 Qd6 26. Qb3 Reb8 27. a3
c6 28. c4 cxd5 29. cxd5 h6 30. g3 Rf8 31. Kg2 Rae8 32. Qd3 Qf6 33. d6 Rd8 34.
Rd2 Rd7 35. Nh4 Rfd8 36. Ng6+ Kg8 37. Qd5+ Kh7 38. Nf4 Rxd6 39. Qe4+ Kg8 40.
Rxd6 Qxd6 41. h4 Qa6 42. Qf3 Kh7 43. h5 Ra8 44. Qe4+ Kg8 45. Qd5+ Kh7 46. Qf5+
Kg8 47. Kh2 Re8 48. Qd5+ Kh7 49. Qf5+ Kg8 50. Qd5+ Kh7 51. Qb3 Qa7 52. Kg2 Qb7+
53. f3 Rd8 54. a4 Rd2+ 55. Kh3 Qd7+ 56. g4 Qd6 57. Qc4 Rd4 58. Qc2+ Kg8 59. Ng6
Qd7 60. Qb3+ Qd5 61. Qxd5+ Rxd5 62. Ne7+ Kf7 63. Nxd5 Ke6 64. a5 Kxd5 65. a6
Kc6 66. b5+ Kb6 67. Kg3 Kxb5 68. a7 Kb6 69. a8=Q Kc7 70. Qg8 Kd6 71. Qxg7 Ke6
72. Qxh6+ {Normal} 1-0

[Event "Rated Blitz tournament autumn21"]
[Site "?"]
[Date "2021.10.23"]
[Round "?"]
[White "Taktychenko"]
[Black "Artem_0degov"]
[Result "0-1"]
[WhiteElo "2467"]
[BlackElo "2548"]
[PlyCount "32"]
[EventDate "2021.??.??"]
[EventType "blitz"]

1. e4 e5 2. Nf3 d5 3. exd5 e4 4. Qe2 Nf6 5. d3 Bb4+ 6. Nc3 O-O 7. dxe4 Re8 8.
e5 Nxd5 9. Bd2 Nc6 10. Qc4 Nxe5 11. Nxe5 Rxe5+ 12. Be2 Nxc3 13. Bxc3 Bxc3+ 14.
bxc3 Qe7 15. O-O-O Be6 16. Qd3 Bf5 {Normal} 0-1

[Event "Rated Blitz tournament autumn21"]
[Site "?"]
[Date "2021.10.23"]
[Round "?"]
[White "CJ58"]
[Black "Maltinho"]
[Result "0-1"]
[WhiteElo "2237"]
[BlackElo "2554"]
[PlyCount "130"]
[EventDate "2021.??.??"]
[EventType "blitz"]

1. e4 e5 2. Nf3 d5 3. exd5 Bd6 4. Nc3 Nf6 5. Bb5+ c6 6. dxc6 Nxc6 7. O-O O-O 8.
Re1 Nd4 9. Nxd4 exd4 10. Ne2 Bxh2+ 11. Kxh2 Ng4+ 12. Kg1 Qh4 13. Ng3 f5 14. Qf3
f4 15. d3 Qh2+ 16. Kf1 fxg3 17. Bc4+ Be6 18. Bxe6+ Kh8 19. Bf4 Rae8 20. Qxg4
Qh1+ 21. Ke2 Qxg2 22. Bxg3 Rxf2+ 23. Bxf2 Qxg4+ 24. Kd2 Rxe6 25. Rxe6 Qxe6 26.
Re1 Qf7 27. Bxd4 Qf4+ 28. Kc3 Qc7+ 29. Kd2 Kg8 30. c4 g6 31. Kc3 Qa5+ 32. b4
Qa3+ 33. Kd2 Qxb4+ 34. Bc3 Qa3 35. Re8+ Kf7 36. Rb8 Qxa2+ 37. Ke3 b6 38. Rb7+
Ke6 39. Rxh7 Qc2 40. Bd4 Qc1+ 41. Ke4 Qe1+ 42. Be3 Qa5 43. Bf4 Qf5+ 44. Ke3 g5
45. Rh6+ Kf7 46. Bg3 g4 47. Bf4 b5 48. Ra6 Ke8 49. Rh6 bxc4 50. dxc4 Qc5+ 51.
Kd3 Qf2 52. Be3 Qf5+ 53. Ke2 g3 54. Rh1 Qe4 55. Rc1 a5 56. c5 Kd7 57. c6+ Kc8
58. Rg1 Qg4+ 59. Kd3 Qf3 60. Ra1 g2 61. Rxa5 Qf1+ 62. Kd4 g1=Q 63. Bxg1 Qxg1+
64. Kc4 Kc7 65. Rh5 Qg4+ {Normal} 0-1

[Event "Rated Blitz game"]
[Site "?"]
[Date "2021.10.23"]
[Round "?"]
[White "nextCUBAxadrez"]
[Black "khalid_ontawar"]
[Result "0-1"]
[WhiteElo "2472"]
[BlackElo "2458"]
[PlyCount "96"]
[EventDate "2021.??.??"]
[EventType "blitz"]

1. e4 e5 2. Nf3 d5 3. exd5 e4 4. Ne5 Qxd5 5. d4 exd3 6. Nxd3 Qe6+ 7. Be2 Bd6 8.
O-O Nf6 9. Bf4 O-O 10. Bxd6 Qxd6 11. Nc3 Nc6 12. Nb5 Qd8 13. Bf3 a6 14. Bxc6
bxc6 15. Nc3 Be6 16. Qf3 Nd5 17. Ne4 Rb8 18. b3 Qh4 19. Ng3 Qh6 20. Nc5 Rbe8
21. Nxa6 Re7 22. Nc5 Qg6 23. c4 Nf6 24. Nxe6 Rxe6 25. a4 h5 26. h3 h4 27. Nf5
Ne4 28. Nxh4 Qh7 29. Nf5 Nd2 30. Qg4 Nxf1 31. Kxf1 Re5 32. Ne3 Rfe8 33. a5 Qd3+
34. Kg1 Qc3 35. Rf1 Qxa5 36. Qd7 Qb6 37. Ng4 R5e7 38. Qf5 Qxb3 39. Qg5 Qc3 40.
Nh6+ Kh7 41. Nf5 Re1 42. Rxe1 Rxe1+ 43. Kh2 Qe5+ 44. f4 Qf6 45. Qg4 g6 46. Ng3
Qd4 47. Qh4+ Kg8 48. Ne2 Rxe2 {Normal} 0-1

[Event "Rated Blitz tournament autumn21"]
[Site "?"]
[Date "2021.10.23"]
[Round "?"]
[White "V_vs"]
[Black "MischieviousPawn"]
[Result "0-1"]
[WhiteElo "2618"]
[BlackElo "2314"]
[PlyCount "72"]
[EventDate "2021.??.??"]
[EventType "blitz"]

1. e4 e5 2. Nf3 d5 3. d4 dxe4 4. Nxe5 Bd6 5. Bc4 Bxe5 6. dxe5 Qxd1+ 7. Kxd1 Nc6
8. Bf4 Bg4+ 9. Be2 O-O-O+ 10. Nd2 Bf5 11. g4 Bg6 12. h4 h5 13. gxh5 Bxh5 14.
Bxh5 Rxh5 15. Ke2 Nxe5 16. Nxe4 Re8 17. f3 Ng6 18. Be3 f5 19. Ng3 Rxe3+ 20.
Kxe3 f4+ 21. Kf2 fxg3+ 22. Kxg3 Nf6 23. Rae1 b6 24. b3 a5 25. a4 Rc5 26. Re2
Nh5+ 27. Kf2 Rc3 28. Rg1 Nhf4 29. Rd2 Ne5 30. Rxg7 Rxf3+ 31. Kg1 Rh3 32. Rf2
Rxh4 33. Re2 Nxe2+ 34. Kf2 Nd4 35. Ke3 Nxc2+ 36. Kd2 Nb4 {Normal} 0-1

[Event "Rated Blitz tournament autumn21"]
[Site "?"]
[Date "2021.10.23"]
[Round "?"]
[White "chris_gl"]
[Black "Maltinho"]
[Result "0-1"]
[WhiteElo "2279"]
[BlackElo "2559"]
[PlyCount "78"]
[EventDate "2021.??.??"]
[EventType "blitz"]

1. e4 e5 2. Nf3 d5 3. Nxe5 Bd6 4. d4 dxe4 5. Be3 Bxe5 6. dxe5 Qxd1+ 7. Kxd1 Nc6
8. Nc3 Bf5 9. Bb5 O-O-O+ 10. Ke2 Nxe5 11. h3 Nf6 12. Rad1 c6 13. Ba4 Nc4 14.
Bb3 Nxe3 15. Kxe3 Bg6 16. Ne2 Rde8 17. Nf4 Re7 18. Rd4 Rhe8 19. Rhd1 Nh5 20.
Nxg6 hxg6 21. g4 Nf6 22. Rh1 Nd7 23. g5 f5 24. gxf6 gxf6 25. Rd6 Kc7 26. Rhd1
g5 27. Be6 Ne5 28. Bb3 f5 29. Rf6 f4+ 30. Ke2 Nf3 31. c3 Nh4 32. Bc2 e3 33. f3
Rd8 34. Rxd8 Kxd8 35. Rf8+ Kc7 36. Rg8 Nxf3 37. Bd1 Ng1+ 38. Kf1 f3 39. Kxg1 e2
{Normal} 0-1

[Event "Rated Blitz tournament autumn21"]
[Site "?"]
[Date "2021.10.23"]
[Round "?"]
[White "Kolian222"]
[Black "MischieviousPawn"]
[Result "1-0"]
[WhiteElo "2473"]
[BlackElo "2381"]
[PlyCount "111"]
[EventDate "2021.??.??"]
[EventType "blitz"]

1. e4 e5 2. Nf3 d5 3. exd5 Bd6 4. d4 e4 5. Ne5 Nf6 6. Bc4 O-O 7. O-O Re8 8. Nc3
h6 9. Bf4 Nbd7 10. Nxd7 Bxf4 11. Ne5 Bxe5 12. dxe5 Rxe5 13. Qd4 Qe7 14. Rfe1
Bf5 15. Re3 a6 16. Rae1 Re8 17. Bb3 Ng4 18. R3e2 Qh4 19. h3 Nf6 20. Re3 Bg6 21.
Ne2 Rg5 22. Ng3 Nh5 23. Nxe4 Rxe4 24. Rxe4 Qxh3 25. Re8+ Kh7 26. Kf1 Rxg2 27.
Ke2 Rg4 28. Qe3 Qg2 29. Kd2 a5 30. c3 a4 31. Bc2 Qxd5+ 32. Kc1 Nf4 33. Bxg6+
fxg6 34. Rd1 Qg5 35. Qe4 Qf6 36. Qc4 h5 37. Qg8+ Kh6 38. Qh8+ Kg5 39. Qf8 Ne2+
40. Kd2 Qxf8 41. Rxf8 Nf4 42. Re1 h4 43. Re5+ Kh6 44. Re4 Nh5 45. Rxg4 h3 46.
Rh4 Kg5 47. Rxh3 Kg4 48. Rg3+ Nxg3 49. fxg3 Kxg3 50. Rf7 g5 51. Rxg7 g4 52. Rf7
b5 53. Rh7 Kf3 54. Rg7 g3 55. Rf7+ Kg2 56. Rg7 {Time forfeit} 1-0

[Event "Rated Blitz game"]
[Site "?"]
[Date "2021.10.23"]
[Round "?"]
[White "Kote-20C"]
[Black "RCompany_1"]
[Result "0-1"]
[WhiteElo "2412"]
[BlackElo "2397"]
[PlyCount "62"]
[EventDate "2021.??.??"]
[EventType "blitz"]

1. e4 e5 2. Nf3 d5 3. exd5 e4 4. Qe2 Nf6 5. Nc3 Be7 6. Nxe4 Nxd5 7. d3 O-O 8.
Qd2 Re8 9. Be2 f5 10. Ng3 c5 11. O-O Nc6 12. c3 Bf6 13. Qc2 Be6 14. Re1 g6 15.
Bf1 Bf7 16. Bh6 Qd6 17. Qa4 a6 18. Rad1 b5 19. Qc2 Nf4 20. Rxe8+ Rxe8 21. a3
Bd5 22. Re1 Rd8 23. Nd2 a5 24. b4 cxb4 25. cxb4 axb4 26. Bxf4 Qxf4 27. Nb1 b3
28. Qc5 Bd4 29. Re8+ Rxe8 30. Qxd5+ Kg7 31. Qd7+ Re7 {Normal} 0-1

[Event "Rated Blitz game"]
[Site "?"]
[Date "2021.10.23"]
[Round "?"]
[White "garri007"]
[Black "GoughPhar"]
[Result "0-1"]
[WhiteElo "2382"]
[BlackElo "2443"]
[PlyCount "40"]
[EventDate "2021.??.??"]
[EventType "blitz"]

1. e4 e5 2. Nf3 d5 3. Nxe5 Bd6 4. d4 dxe4 5. Qh5 g6 6. Qe2 Bxe5 7. dxe5 Nc6 8.
Qxe4 Bf5 9. Qa4 Qd4 10. Nc3 Nge7 11. Bh6 Qxa4 12. Nxa4 O-O-O 13. c3 Rhe8 14. f4
Nd5 15. Bc4 Ne3 16. Bxf7 Nc2+ 17. Ke2 Re7 18. Bb3 Nxa1 19. Bg5 Nxb3 20. Bxe7
Nxe7 {Normal} 0-1

[Event "Rated Blitz game"]
[Site "?"]
[Date "2021.10.23"]
[Round "?"]
[White "Marchenita"]
[Black "sillierchess"]
[Result "0-1"]
[WhiteElo "2475"]
[BlackElo "2466"]
[PlyCount "112"]
[EventDate "2021.??.??"]
[EventType "blitz"]

1. e4 e5 2. Nf3 d5 3. exd5 Bd6 4. Nc3 Nf6 5. d4 e4 6. Ne5 O-O 7. Be2 Re8 8. O-O
a6 9. Bg5 Bf5 10. Nc4 b5 11. Ne3 Bg6 12. a3 Nbd7 13. Qd2 h6 14. Bh4 Bf4 15. Bg3
Bxe3 16. fxe3 Nb6 17. d6 cxd6 18. Bh4 d5 19. Rxf6 gxf6 20. Rf1 Re6 21. Bg4 Rc6
22. Qf2 Kg7 23. Bg3 Nc4 24. Nd1 f5 25. Bh3 Rac8 26. b3 Nxa3 27. Bxf5 Rxc2 28.
Be5+ Kg8 29. Qg3 Qg5 30. Bxc8 Qxg3 31. hxg3 Re2 32. Bxa6 Bh5 33. Nc3 Rxe3 34.
Nxd5 Rxb3 35. Nf6+ Kf8 36. Nxh5 Nc4 37. Nf4 Ne3 38. Bf6 Nxf1 39. Kxf1 b4 40.
Ke2 Rxg3 41. Bc4 b3 42. d5 Ke8 43. d6 Kd7 44. Be5 Rg5 45. Bb5+ Kd8 46. Bf6+ Kc8
47. Bxg5 hxg5 48. Nd5 b2 49. Nc3 f5 50. Nb1 f4 51. d7+ Kd8 52. Ba4 g4 53. Bb5
f3+ 54. Kf2 g3+ 55. Kxg3 Kc7 56. gxf3 e3 {Time forfeit} 0-1

[Event "Rated Blitz tournament autumn21"]
[Site "?"]
[Date "2021.10.23"]
[Round "?"]
[White "WattSchrott"]
[Black "MischieviousPawn"]
[Result "1-0"]
[WhiteElo "2476"]
[BlackElo "2339"]
[PlyCount "59"]
[EventDate "2021.??.??"]
[EventType "blitz"]

1. e4 e5 2. Nf3 d5 3. Nc3 dxe4 4. Nxe5 f5 5. Qh5+ g6 6. Nxg6 Nf6 7. Qh4 Rg8 8.
Nxf8 Rxf8 9. d3 Nc6 10. Bg5 Qd6 11. O-O-O e3 12. fxe3 Bd7 13. e4 O-O-O 14. Be2
Rde8 15. Bf3 fxe4 16. Nxe4 Nxe4 17. Bxe4 Qe6 18. Kb1 a5 19. a3 Qg8 20. Bh6 Rf7
21. Rhf1 Be6 22. Bxc6 bxc6 23. g3 Rd7 24. Qa4 Rd5 25. Qxc6 Qg6 26. Bf4 Re7 27.
Rfe1 Rxd3 28. Rxd3 Ba2+ 29. Kxa2 Qxc6 30. Rxe7 {Normal} 1-0

[Event "Rated Blitz tournament autumn21"]
[Site "?"]
[Date "2021.10.23"]
[Round "?"]
[White "Ursus_maritimus-17"]
[Black "MischieviousPawn"]
[Result "1-0"]
[WhiteElo "2531"]
[BlackElo "2361"]
[PlyCount "79"]
[EventDate "2021.??.??"]
[EventType "blitz"]

1. e4 e5 2. Nf3 d5 3. exd5 e4 4. Qe2 Nf6 5. Nc3 Be7 6. Nxe4 O-O 7. Nxf6+ Bxf6
8. d4 Qxd5 9. Be3 Nc6 10. Qc4 Qa5+ 11. c3 Be6 12. Qb5 Qb6 13. Bd3 Rfd8 14. O-O
a5 15. Qxb6 cxb6 16. Bg5 a4 17. Bxf6 gxf6 18. a3 Na5 19. Rae1 Bc4 20. Re3 f5
21. Bxc4 Nxc4 22. Re2 Re8 23. Rfe1 Rxe2 24. Rxe2 Kf8 25. Kf1 Re8 26. Ne5 Nxe5
27. Rxe5 Rxe5 28. dxe5 f4 29. Ke2 Ke7 30. Kf3 Ke6 31. Kxf4 Kd5 32. Kf5 Kc4 33.
Kf6 Kb3 34. Kxf7 Kxb2 35. e6 Kxa3 36. e7 Kb2 37. e8=Q a3 38. Qb5+ Kxc3 39. Qxb6
a2 40. Qa7 {Normal} 1-0

[Event "Rated Blitz tournament autumn21"]
[Site "?"]
[Date "2021.10.23"]
[Round "?"]
[White "josiur"]
[Black "TacticalMonkey"]
[Result "1-0"]
[WhiteElo "2474"]
[BlackElo "2257"]
[PlyCount "101"]
[EventDate "2021.??.??"]
[EventType "blitz"]

1. e4 e5 2. Nf3 d5 3. exd5 e4 4. Qe2 Nf6 5. d3 Qxd5 6. dxe4 Qxe4 7. Qxe4+ Nxe4
8. Be3 Nc6 9. Bd3 Nc5 10. Bb5 Bd7 11. O-O O-O-O 12. c3 a6 13. Bc4 Be6 14. Bxe6+
Nxe6 15. Nbd2 g6 16. Ne4 Bg7 17. Neg5 Nxg5 18. Nxg5 Rd7 19. Rad1 Nd8 20. Rxd7
Kxd7 21. Rd1+ Kc6 22. Kf1 h6 23. Nf3 Ne6 24. Ke2 Rd8 25. Rxd8 Nxd8 26. Kd3 Ne6
27. b4 a5 28. a4 axb4 29. cxb4 Kd5 30. Nd2 Bf8 31. Kc3 f5 32. g3 g5 33. Nb3
Bg7+ 34. Kd3 Bf8 35. b5 Bb4 36. f3 b6 37. Nd4 Nxd4 38. Bxd4 Be1 39. g4 Ke6 40.
Bg7 h5 41. gxh5 g4 42. fxg4 fxg4 43. h6 Kf7 44. Be5 c6 45. bxc6 Kg6 46. c7 Kh7
47. c8=Q Kg6 48. Qc6+ Kh5 49. h7 Kh4 50. h8=Q+ Kg5 51. Qcf6# {Normal} 1-0

[Event "Rated Blitz tournament autumn21"]
[Site "?"]
[Date "2021.10.23"]
[Round "?"]
[White "Gdmonster22"]
[Black "Artem_0degov"]
[Result "0-1"]
[WhiteElo "2415"]
[BlackElo "2498"]
[PlyCount "98"]
[EventDate "2021.??.??"]
[EventType "blitz"]

1. e4 e5 2. Nf3 d5 3. Nxe5 Bd6 4. Nxf7 Kxf7 5. Qh5+ g6 6. Qxd5+ Kg7 7. d3 Nf6
8. Qb3 Nc6 9. c3 Re8 10. Be2 Be6 11. Qxb7 Qd7 12. Qa6 Bg4 13. f3 Be6 14. Qa4
Bf7 15. Qd1 Rad8 16. O-O Bc5+ 17. d4 Bb6 18. Kh1 Kg8 19. Nd2 Nh5 20. Nc4 Bxc4
21. Bxc4+ Kh8 22. Bb5 Qd6 23. Qa4 Ne7 24. Bxe8 c6 25. Bf7 Qf6 26. Bb3 Qh4 27.
Kg1 c5 28. Be3 Nf4 29. g3 Ne2+ 30. Kg2 Qh5 31. dxc5 Bxc5 32. Bxc5 Qxc5 33. Rf2
Qe3 34. Qc4 Nf4+ 35. gxf4 Qxf4 36. Rg1 Ng8 37. Qf7 Nf6 38. Kh1 Qe5 39. f4 Qxe4+
40. Rfg2 Qc6 41. f5 g5 42. h4 g4 43. Kh2 h6 44. Rxg4 Nxg4+ 45. Rxg4 Rd2+ 46.
Kh3 Qh1+ 47. Kg3 Qe1+ 48. Kf4 Rf2+ 49. Kg3 Rxf5+ {Time forfeit} 0-1

[Event "Rated Blitz game"]
[Site "?"]
[Date "2021.10.23"]
[Round "?"]
[White "SomeCM"]
[Black "Dzon_Vejn"]
[Result "0-1"]
[WhiteElo "2409"]
[BlackElo "2508"]
[PlyCount "20"]
[EventDate "2021.??.??"]
[EventType "blitz"]

1. e4 e5 2. Nf3 d5 3. exd5 e4 4. Qe2 Nf6 5. Nc3 Be7 6. Nxe4 O-O 7. d3 Nxd5 8.
Bd2 Re8 9. O-O-O f5 10. Nc3 Nxc3 {Normal} 0-1

[Event "Rated Blitz tournament autumn21"]
[Site "?"]
[Date "2021.10.23"]
[Round "?"]
[White "Kimuel_Aaron_Lorenzo"]
[Black "MischieviousPawn"]
[Result "1-0"]
[WhiteElo "2556"]
[BlackElo "2364"]
[PlyCount "53"]
[EventDate "2021.??.??"]
[EventType "blitz"]

1. e4 e5 2. Nf3 d5 3. Nxe5 Be7 4. exd5 Nf6 5. c4 O-O 6. Nc3 c6 7. dxc6 Nxc6 8.
Nxc6 bxc6 9. d4 Re8 10. Be2 Rb8 11. O-O Bd6 12. g3 Bf5 13. Bf3 Ne4 14. Nxe4
Bxe4 15. Bxe4 Rxe4 16. b3 Be7 17. Be3 Bf6 18. Qd3 Qe7 19. Rad1 Rd8 20. d5 cxd5
21. cxd5 Re5 22. d6 Qe6 23. Bxa7 Qh3 24. Rfe1 Rh5 25. Qe4 Qxh2+ 26. Kf1 Bc3 27.
Qe8+ {Normal} 1-0

[Event "Rated Blitz game"]
[Site "?"]
[Date "2021.10.23"]
[Round "?"]
[White "Sijavush"]
[Black "Rikoboy"]
[Result "1-0"]
[WhiteElo "2528"]
[BlackElo "2378"]
[PlyCount "57"]
[EventDate "2021.??.??"]
[EventType "blitz"]

1. e4 e5 2. Nf3 d5 3. exd5 e4 4. Ne5 Qxd5 5. d4 exd3 6. Nxd3 Nf6 7. Nc3 Qd8 8.
Be2 Nc6 9. O-O Bd6 10. Re1 O-O 11. Bg5 Bf5 12. Bf3 Nd4 13. Ne4 Nxf3+ 14. Qxf3
Bxe4 15. Rxe4 Be7 16. Bxf6 Bxf6 17. Rae1 b6 18. c3 Qd5 19. Nb4 Qa5 20. a3 Qb5
21. c4 Qd7 22. Nd5 Bxb2 23. Re7 Qd6 24. Rxc7 Qxa3 25. Qe4 Qa5 26. Re3 Bd4 27.
Ne7+ Kh8 28. Qxh7+ Kxh7 29. Rh3+ {Normal} 1-0

[Event "Rated Blitz tournament autumn21"]
[Site "?"]
[Date "2021.10.23"]
[Round "?"]
[White "Ragehunter"]
[Black "Artem_0degov"]
[Result "1-0"]
[WhiteElo "2591"]
[BlackElo "2491"]
[PlyCount "27"]
[EventDate "2021.??.??"]
[EventType "blitz"]

1. e4 e5 2. Nf3 d5 3. exd5 e4 4. Qe2 Nf6 5. d3 Bb4+ 6. c3 O-O 7. dxe4 Bd6 8.
Bg5 Re8 9. Nbd2 h6 10. Bxf6 Qxf6 11. Nc4 Bf4 12. g3 Bd6 13. Nxd6 cxd6 14. Bg2 {
Normal} 1-0

[Event "Rated Blitz game"]
[Site "?"]
[Date "2021.10.23"]
[Round "?"]
[White "Dariniofficial"]
[Black "Dzon_Vejn"]
[Result "1-0"]
[WhiteElo "2491"]
[BlackElo "2517"]
[PlyCount "139"]
[EventDate "2021.??.??"]
[EventType "blitz"]

1. e4 e5 2. Nf3 d5 3. Nxe5 Bd6 4. d4 dxe4 5. Bc4 Bxe5 6. Qh5 Qf6 7. Qxe5+ Qxe5
8. dxe5 Nc6 9. e6 Bxe6 10. Bxe6 fxe6 11. Nc3 Nd4 12. O-O Nxc2 13. Rb1 Nf6 14.
Bg5 O-O-O 15. Bxf6 gxf6 16. Nxe4 f5 17. Ng5 Rhe8 18. Nxh7 e5 19. Nf6 Re6 20.
Nh5 Nb4 21. a3 Nd3 22. b4 e4 23. b5 f4 24. g3 f3 25. Rbd1 Rd5 26. Nf4 Nxf4 27.
gxf4 Rxb5 28. Kh1 Rf5 29. Rg1 b6 30. Rg4 Ref6 31. Rg8+ Kb7 32. Re8 Rxf4 33. Re1
Rc6 34. h3 Rc3 35. Kh2 Rxa3 36. Kg3 Rf7 37. R8xe4 Ra5 38. Rg4 Raf5 39. h4 a5
40. Rh1 Rh7 41. Re1 Ka6 42. Re8 c5 43. Ra8+ Kb5 44. Re8 a4 45. Re1 Rff7 46.
Rb1+ Ka5 47. Rxa4+ Kxa4 48. Ra1+ Kb5 49. Rb1+ Kc6 50. Rd1 b5 51. Re1 Rhg7+ 52.
Kh3 Rf4 53. Re6+ Kd5 54. Re8 Rfg4 55. Rd8+ Kc4 56. Rd1 Rg2 57. Rc1+ Kd5 58.
Rd1+ Kc6 59. Re1 b4 60. Re2 Kb5 61. Re6 Rxf2 62. Re8 Rf1 63. Rb8+ Kc4 64. Kh2
Rfg1 65. Rg8 R1g2+ 66. Kh3 R2g3+ 67. Kh2 Rxg8 68. Kh1 R8g5 69. h5 R5g4 70. Kh2
{Time forfeit} 1-0

[Event "Rated Blitz game"]
[Site "?"]
[Date "2021.10.23"]
[Round "?"]
[White "notmisha"]
[Black "RCompany_1"]
[Result "0-1"]
[WhiteElo "2443"]
[BlackElo "2421"]
[PlyCount "80"]
[EventDate "2021.??.??"]
[EventType "blitz"]

1. e4 e5 2. Nf3 d5 3. exd5 e4 4. Ne5 Qxd5 5. d4 exd3 6. Nxd3 Nc6 7. Nc3 Qa5 8.
Be2 Bf5 9. O-O O-O-O 10. a3 Nf6 11. Be3 Nd4 12. b4 Qa6 13. Bxd4 Rxd4 14. Qc1
Bd6 15. Qe3 Rh4 16. g3 Re8 17. Qg5 Rxe2 18. Qxf5+ Re6 19. gxh4 Qc4 20. Nb5
Bxh2+ 21. Kxh2 Qxh4+ 22. Qh3 Ng4+ 23. Kg2 Qg5 24. Qg3 Qxb5 25. Qxg4 f5 26. Qf4
Rg6+ 27. Kf3 Qc6+ 28. Ke3 Re6+ 29. Kd2 Re4 30. Rfe1 Rxf4 31. Nxf4 g5 32. Nd3 f4
33. Re5 a6 34. Rae1 b6 35. Re7 Kb7 36. Ne5 Qd5+ 37. Nd3 g4 38. R1e6 g3 39. fxg3
fxg3 40. Rf6 Qg5+ {Time forfeit} 0-1

[Event "Rated Blitz tournament autumn21"]
[Site "?"]
[Date "2021.10.23"]
[Round "?"]
[White "Gdmonster22"]
[Black "Maltinho"]
[Result "1/2-1/2"]
[WhiteElo "2387"]
[BlackElo "2529"]
[PlyCount "214"]
[EventDate "2021.??.??"]
[EventType "blitz"]

1. e4 e5 2. Nf3 d5 3. Nxe5 Bd6 4. Nxf7 Kxf7 5. Qh5+ g6 6. Qxd5+ Kg7 7. d3 Nf6
8. Qb3 Re8 9. Be2 Nc6 10. c3 Be6 11. Qxb7 Qd7 12. Qa6 Rab8 13. Qa4 Bg8 14. O-O
Ng4 15. h3 Nf6 16. Nd2 Bf4 17. b4 Re7 18. Nf3 Nd4 19. Qd1 Nxe2+ 20. Qxe2 Bxc1
21. Raxc1 Rbe8 22. Rfd1 Nh5 23. Qe3 Rf8 24. d4 Nf4 25. Ne5 Qb5 26. a3 Ne2+ 27.
Kh2 Nxc1 28. Rxc1 Rxe5 29. dxe5 Qxe5+ 30. Kg1 a5 31. Rd1 Be6 32. Rd4 axb4 33.
axb4 Rf7 34. c4 c5 35. bxc5 Qxc5 36. Qc3 Qe5 37. Qe3 g5 38. Rd8 Bxc4 39. Qb6
Qxe4 40. Qb2+ Rf6 41. Rd6 Qe7 42. Rb6 Qe1+ 43. Kh2 Qxf2 44. Rb7+ Bf7 45. Qc3
Qf4+ 46. Kh1 h6 47. Re7 Qf1+ 48. Kh2 Qf4+ 49. Kh1 Qd6 50. Re3 Bg6 51. Rf3 Qe7
52. Re3 Qf7 53. Re5 Kh7 54. Re1 Rf1+ 55. Rxf1 Qxf1+ 56. Kh2 Qf4+ 57. Kh1 Qf7
58. Kh2 h5 59. Kh1 Be4 60. Qg3 Qf5 61. Kg1 Qf4 62. Qc3 Kh6 63. Qh8+ Bh7 64. Qc3
h4 65. Kh1 Qf5 66. Kg1 Qe6 67. Kh1 Be4 68. Kg1 Kg6 69. Qh8 Bd5 70. Qf8 Qe4 71.
Qd6+ Kf5 72. Qf8+ Ke5 73. Qg7+ Kf4 74. Qf6+ Qf5 75. Qd6+ Ke3 76. Qc5+ Ke4 77.
Qe7+ Be6 78. Qb4+ Ke5 79. Qc5+ Kf6 80. Qf8+ Bf7 81. Qd6+ Qe6 82. Qd4+ Qe5 83.
Qd8+ Kg7 84. Kh1 Qf5 85. Qe7 Qf1+ 86. Kh2 Qf4+ 87. Kh1 Kh7 88. Kg1 Qd4+ 89. Kh1
Qg7 90. Kg1 Bh5 91. Qe3 Kh6 92. Kh1 Qf6 93. Kg1 Kg7 94. Qe1 g4 95. hxg4 Bxg4
96. Qe4 Qf5 97. Qe7+ Kg6 98. Qxh4 Bh5 99. Qg3+ Kf6 100. Qf2 Ke5 101. Qxf5+ Kxf5
102. Kf2 Bg4 103. Kg1 Bh5 104. Kf2 Kg4 105. Kg1 Kg3 106. Kf1 Bf3 107. gxf3 Kxf3
{Normal} 1/2-1/2